[Event "XII Weekend B"]
[Site "Ceriano Laghetto ITA"]
[Date "2003.01.26"]
[Round "2"]
[White "Versari, Marino"]
[Black "Loi, Alberto"]
[Result "1/2-1/2"]
[WhiteElo "1530"]
[BlackElo "1480"]
[PlyCount "102"]
[EventDate "2003.01.25"]

1. d4 f5 2. Nf3 g6 3. c4 Nf6 4. Nc3 Bg7 5. Bg5 O-O 6. e3 b6 7. Qb3 c6 8. Be2
Ba6 9. Ne5 e6 10. O-O d6 11. Rad1 Qc7 12. Bxf6 Bxf6 13. Nd3 Nd7 14. Nf4 Rfe8
15. c5 Bxe2 16. Ncxe2 d5 17. Qc2 Rab8 18. Rc1 bxc5 19. dxc5 Rxb2 20. Qd1 Rxa2
21. Rb1 Qa5 22. Nd3 Nxc5 23. Nb4 Rb2 24. Rxb2 Bxb2 25. Nxc6 Qb6 26. Ncd4 Bxd4
27. Qxd4 Ne4 28. Qxb6 axb6 29. Rb1 Ra8 30. f3 Nd2 31. Rxb6 Re8 32. Nf4 Nc4 33.
Rxe6 Rxe6 34. Nxe6 Nxe3 35. Nd4 Kf7 36. Kf2 f4 37. g3 g5 38. gxf4 gxf4 39. Ne2
Kf6 40. Nxf4 d4 41. Nd3 Kf5 42. h4 Kg6 43. Kg3 Kf5 44. Kh3 Nd5 45. Kg3 h6 46.
Nf2 Nf4 47. Nd1 Nd3 48. Nf2 Nxf2 49. Kxf2 Kf4 50. Ke2 h5 51. Kd3 Kxf3 1/2-1/2

[Event "XII Weekend B"]
[Site "Ceriano Laghetto ITA"]
[Date "2003.01.26"]
[Round "2"]
[White "Virzi, Ettore"]
[Black "Olivo, Mario"]
[Result "0-1"]
[WhiteElo "1675"]
[BlackElo "1789"]
[PlyCount "123"]
[EventDate "2003.01.25"]

1. e4 c5 2. Nf3 d6 3. d4 cxd4 4. Nxd4 Nf6 5. Nc3 a6 6. Be2 e5 7. Nb3 Be7 8. Be3
Be6 9. O-O O-O 10. a4 Nbd7 11. Qd2 Rc8 12. f3 Nb6 13. a5 Nc4 14. Bxc4 Rxc4 15.
Rfd1 Qc8 16. Ra4 Qc6 17. Rxc4 Qxc4 18. Qd3 Qxd3 19. Rxd3 Rc8 20. Rd2 Rc4 21.
Nd5 Nxd5 22. exd5 Bf5 23. c3 Ra4 24. Nc1 Rxa5 25. b4 Ra1 26. Rd1 b5 27. Rf1 g5
28. g4 Bg6 29. Nb3 Rxf1+ 30. Kxf1 Bd3+ 31. Kf2 Bc4 32. Nd2 Bxd5 33. Ne4 h6 34.
Bb6 Bxe4 35. fxe4 f6 36. h3 Kf7 37. Ke3 Ke6 38. Kd3 d5 39. Ba5 Kd6 40. Bb6 Kc6
41. Ba5 Kd6 42. Bb6 dxe4+ 43. Kxe4 Kd7 44. Bf2 Bd8 45. Be1 Ke6 46. h4 a5 47.
bxa5 Bxa5 48. h5 Bb6 49. Bd2 Bf2 50. Kf3 Bg1 51. Ke4 Bh2 52. Bc1 Bf4 53. Ba3
f5+ 54. gxf5+ Kf6 55. Bc5 g4 56. Bg1 Bd2 57. Kd3 Bf4 58. Ke4 Kg5 59. Bc5 g3 60.
f6 Kxf6 61. Bd6 Kg5 62. Kf3 0-1

[Event "XII Weekend B"]
[Site "Ceriano Laghetto ITA"]
[Date "2003.01.26"]
[Round "3"]
[White "Abbura', Davide"]
[Black "Rampi, Franco"]
[Result "1-0"]
[WhiteElo "1564"]
[BlackElo "1341"]
[PlyCount "51"]
[EventDate "2003.01.25"]

1. e4 e5 2. Nf3 Nc6 3. Bb5 a6 4. Ba4 Nf6 5. d3 Be7 6. c3 b5 7. Bc2 d5 8. Nbd2
dxe4 9. dxe4 Bg4 10. O-O O-O 11. h3 Bh5 12. Qe2 Qc8 13. Nb3 h6 14. Be3 Nd7 15.
g4 Bg6 16. Rad1 Nf6 17. Nfd2 Rd8 18. f3 Nd7 19. Qf2 Bd6 20. Rfe1 f6 21. Nf1 Ne7
22. Nc5 Bf7 23. Bb3 Bxb3 24. Nxb3 Qb7 25. Rd2 Qc6 26. Na5 1-0

[Event "XII Weekend B"]
[Site "Ceriano Laghetto ITA"]
[Date "2003.01.26"]
[Round "3"]
[White "Bernasconi, Roberto"]
[Black "Valsecchi, Luca"]
[Result "1-0"]
[WhiteElo "1753"]
[BlackElo "1449"]
[PlyCount "83"]
[EventDate "2003.01.25"]

1. e4 d5 2. exd5 Qxd5 3. Nc3 Qa5 4. d4 Nf6 5. Nf3 Bf5 6. Bd3 e6 7. Bxf5 Qxf5 8.
Be3 Bb4 9. O-O Bxc3 10. bxc3 Nbd7 11. Rb1 Qe4 12. Re1 O-O 13. c4 Qc6 14. Qd3
Rfd8 15. Qb3 Rdb8 16. Red1 Nb6 17. Ne5 Qa4 18. Rd3 Qa6 19. Qb2 Nxc4 20. Nxc4
Qxc4 21. Rc3 Qa6 22. Rxc7 Nd5 23. Rxb7 Qxb7 24. Qxb7 Rxb7 25. Rxb7 Nxe3 26.
fxe3 Kf8 27. c4 Rc8 28. c5 e5 29. Rxa7 exd4 30. exd4 Rd8 31. Ra4 Ke7 32. Kf2
Ke6 33. Ke3 Kd5 34. Ra7 Re8+ 35. Kd3 Ke6 36. a4 Rb8 37. Ra6+ Ke7 38. Rb6 Ra8
39. Rb4 Ke6 40. Kc4 Rd8 41. Rb6+ Ke7 42. a5 1-0

[Event "XII Weekend B"]
[Site "Ceriano Laghetto ITA"]
[Date "2003.01.26"]
[Round "3"]
[White "Bertamini, Alberto"]
[Black "Popovic, Dragan"]
[Result "1-0"]
[WhiteElo "1444"]
[BlackElo "1656"]
[PlyCount "51"]
[EventDate "2003.01.25"]

1. d4 d5 2. c4 e5 3. dxe5 d4 4. Nf3 Nc6 5. a3 Bg4 6. Nbd2 Nge7 7. h3 Bxf3 8.
Nxf3 Ng6 9. e3 dxe3 10. Qxd8+ Rxd8 11. Bxe3 Ngxe5 12. Nxe5 Nxe5 13. Rd1 Be7 14.
Be2 O-O 15. O-O b6 16. Bd4 Ng6 17. Rfe1 Bg5 18. Bf3 c5 19. Bc3 Nf4 20. Be4 g6
21. b4 cxb4 22. axb4 Rc8 23. c5 bxc5 24. bxc5 Rfd8 25. Rxd8+ Bxd8 26. Bb7 1-0

[Event "XII Weekend B"]
[Site "Ceriano Laghetto ITA"]
[Date "2003.01.26"]
[Round "3"]
[White "Bertuolo, Sergio"]
[Black "Redaelli, Lorenzo"]
[Result "0-1"]
[WhiteElo "1491"]
[BlackElo "1549"]
[PlyCount "80"]
[EventDate "2003.01.25"]

1. e4 c6 2. d4 d5 3. Nc3 dxe4 4. Nxe4 Bf5 5. Ng3 Bg6 6. h4 h6 7. Nf3 Nd7 8. h5
Bh7 9. Bd3 Bxd3 10. Qxd3 Ngf6 11. Ne2 e6 12. Nf4 Bd6 13. Ng6 fxg6 14. Qxg6+ Kf8
15. Qd3 Ke7 16. Nh4 Nf8 17. Bd2 Kd7 18. Ng6 Nxg6 19. Qxg6 Qe7 20. O-O Rhf8 21.
c4 b6 22. Rad1 Qf7 23. c5 Bc7 24. Be3 Qxg6 25. hxg6 Nd5 26. a3 Ke7 27. g4 Nxe3
28. fxe3 Rxf1+ 29. Rxf1 Rf8 30. Rxf8 Kxf8 31. b4 e5 32. Kg2 exd4 33. exd4 Ke7
34. Kf3 Ke6 35. Ke4 Bb8 36. b5 cxb5 37. d5+ Kf6 38. d6 Ke6 39. d7 Kxd7 40. cxb6
axb6 0-1

[Event "XII Weekend B"]
[Site "Ceriano Laghetto ITA"]
[Date "2003.01.26"]
[Round "3"]
[White "Boffi, Luigi"]
[Black "Pepa, Yezdin Dino"]
[Result "0-1"]
[WhiteElo "1368"]
[BlackElo "1600"]
[PlyCount "90"]
[EventDate "2003.01.25"]

1. e4 e5 2. Nf3 Nc6 3. Bb5 Qe7 4. O-O Nf6 5. c3 a6 6. Ba4 Nxe4 7. Bxc6 dxc6 8.
Re1 Bf5 9. d3 O-O-O 10. Qe2 Nc5 11. Qxe5 Qxe5 12. Nxe5 Nxd3 13. Nxd3 Bxd3 14.
Bg5 f6 15. Be3 Bd6 16. Nd2 Rhe8 17. Nf3 h6 18. Rad1 Bg6 19. h3 Bf7 20. b3 g5
21. c4 c5 22. Nh2 h5 23. g3 Rg8 24. Nf1 f5 25. Kh1 f4 26. gxf4 gxf4 27. Bd2 Be8
28. f3 Bc6 29. Nh2 Rg3 30. Rf1 Rdg8 31. Rf2 Rxh3 32. Re1 Rgg3 33. Ref1 Rg8 34.
Bc3 Rhg3 35. Bf6 R8g6 36. Bc3 Re6 37. Rg1 Rxg1+ 38. Kxg1 Rg6+ 39. Rg2 Rg3 40.
Rxg3 fxg3 41. Nf1 Bxf3 42. Bf6 Be4 43. Nd2 Bc6 44. Nf1 Bf4 45. Bh4 g2 0-1

[Event "XII Weekend B"]
[Site "Ceriano Laghetto ITA"]
[Date "2003.01.26"]
[Round "3"]
[White "Brioschi, Camillo"]
[Black "Piazza, Angelo"]
[Result "0-1"]
[WhiteElo "1714"]
[BlackElo "1701"]
[PlyCount "188"]
[EventDate "2003.01.25"]

1. d4 d5 2. c4 c6 3. cxd5 cxd5 4. Bf4 Nc6 5. e3 Qb6 6. Qc1 Bf5 7. Na3 e6 8. Ne2
Nf6 9. Nc3 Bb4 10. Be2 O-O 11. O-O Rac8 12. Nab5 a6 13. Nd6 Bxd6 14. Bxd6 Nxd4
15. exd4 Qxd6 16. Qd2 b5 17. Rac1 Rc7 18. Bxb5 Rxc3 19. Qxc3 axb5 20. f3 h6 21.
Qa5 Qf4 22. Qc3 Qb8 23. a3 Qa7 24. Qb4 Qa4 25. Qc3 Rb8 26. Rfd1 b4 27. Qc7 Re8
28. Qc6 Qb3 29. axb4 Qxb4 30. Qc3 Qb6 31. b4 Rb8 32. Kh1 Qxb4 33. Qa1 Bg6 34.
Qa7 Qb7 35. Qa3 Ne8 36. h3 Nf6 37. Rd2 Kh7 38. Qd6 Qb4 39. Qf4 Nh5 40. Qe3 Ng3+
41. Kg1 Nf5 42. Qf4 Qd6 43. Qxd6 Nxd6 44. Kf2 Rb3 45. g4 Nc4 46. Ra2 Rb2+ 47.
Rxb2 Nxb2 48. Ra1 Nc4 49. f4 Be4 50. Ra7 f6 51. Ra6 e5 52. fxe5 fxe5 53. dxe5
Kg8 54. Ra7 Nxe5 55. Ke3 Bg2 56. Kf4 Nc4 57. h4 Be4 58. h5 Nb2 59. Ke5 Nc4+ 60.
Kf4 Nd6 61. Ke5 Nf7+ 62. Kf4 Kf8 63. Ke3 Nd6 64. Kf4 Ne8 65. Ke5 Nf6 66. Ke6
Kg8 67. g5 hxg5 68. h6 Nh5 69. hxg7 Nxg7+ 70. Kf6 Nh5+ 71. Kxg5 Ng3 72. Kf4
Ne2+ 73. Ke3 Nc1 74. Kd4 Nd3 75. Ke3 Kf8 76. Kd4 Ke8 77. Ke3 Nb4 78. Kf4 Nd3+
79. Ke3 Ne5 80. Kf4 Nd7 81. Ke3 Ke7 82. Kd4 Ke6 83. Ra6+ Kf5 84. Rd6 Nf6 85.
Rd8 Ke6 86. Kc5 Ke5 87. Rd6 Ne8 88. Rd8 Nc7 89. Kc6 Ne6 90. Re8 d4+ 91. Kd7 Bf5
92. Kc6 d3 93. Rh8 d2 94. Rh1 Be4+ 0-1

[Event "XII Weekend B"]
[Site "Ceriano Laghetto ITA"]
[Date "2003.01.26"]
[Round "3"]
[White "Corti, Filippo"]
[Black "Bertrecchi, Corrado"]
[Result "1-0"]
[WhiteElo "1552"]
[BlackElo "1416"]
[PlyCount "133"]
[EventDate "2003.01.25"]

1. Nf3 c5 2. g3 b6 3. Bg2 Bb7 4. d3 d6 5. e4 Nf6 6. Nbd2 g6 7. c3 Bg7 8. O-O
O-O 9. Re1 Nbd7 10. d4 Qc7 11. e5 dxe5 12. dxe5 Ng4 13. e6 fxe6 14. Rxe6 Rae8
15. Qe2 Ndf6 16. h3 Nh6 17. Nf1 Bd5 18. Bf4 Qb7 19. Re3 Nf5 20. Re5 Nh5 21.
Rxd5 Qxd5 22. Bd2 Nf6 23. Ng5 Qd6 24. Rd1 Qb8 25. Qe6+ Kh8 26. Nf7+ Kg8 27.
Nh6+ Kh8 28. Nf7+ Rxf7 29. Qxf7 Rf8 30. Qe6 Rd8 31. Bf4 Qc8 32. Qxc8 Rxc8 33.
Bb7 Re8 34. Bc6 Rc8 35. Bb7 Re8 36. Be5 Kg8 37. Nh2 Kf7 38. Nf3 h6 39. g4 Nd6
40. Bxd6 Rd8 41. Ne5+ Ke6 42. Nxg6 exd6 43. Kg2 d5 44. Nf4+ Ke5 45. Kf3 Ne4 46.
Bxd5 Ng5+ 47. Ke3 Rd6 48. c4 Rf6 49. Nh5 Rg6 50. f4+ Kd6 51. fxg5 Rxg5 52. Nxg7
Rxg7 53. Be4+ Ke5 54. Rd5+ Kf6 55. Kf4 Ke6 56. Bf5+ Ke7 57. Rd7+ Kf6 58. Rxg7
Kxg7 59. Bc8 Kf6 60. h4 Kg7 61. Kf5 Kf7 62. g5 Kg7 63. g6 h5 64. Kg5 Kf8 65.
Kxh5 Kg7 66. Kg5 a6 67. Bxa6 1-0

[Event "XII Weekend B"]
[Site "Ceriano Laghetto ITA"]
[Date "2003.01.26"]
[Round "3"]
[White "D'Apa, Matteo"]
[Black "Bellotto, Stefano"]
[Result "1/2-1/2"]
[WhiteElo "1666"]
[BlackElo "1740"]
[PlyCount "43"]
[EventDate "2003.01.25"]

1. d4 Nf6 2. c4 c6 3. Nf3 d5 4. e3 a6 5. c5 Bg4 6. Be2 Nbd7 7. O-O Bxf3 8. Bxf3
e5 9. Nc3 Be7 10. Bd2 O-O 11. b4 Ne8 12. Be2 Bf6 13. dxe5 Nxe5 14. Rc1 Nc7 15.
f4 Ng6 16. Bg4 Re8 17. Ne2 Nb5 18. Qb3 d4 19. a4 dxe3 20. Bxe3 Nd4 21. Bxd4
Bxd4+ 22. Kh1 1/2-1/2

[Event "XII Weekend B"]
[Site "Ceriano Laghetto ITA"]
[Date "2003.01.26"]
[Round "3"]
[White "Della Rocca, Luigi"]
[Black "Longo, Giovanni"]
[Result "1-0"]
[WhiteElo "1687"]
[BlackElo "1645"]
[PlyCount "127"]
[EventDate "2003.01.25"]

1. e4 c6 2. d4 d5 3. Nc3 dxe4 4. Nxe4 Nd7 5. Nf3 Ngf6 6. Ng3 e6 7. Bd3 Bd6 8.
c4 Bb4+ 9. Bd2 Bxd2+ 10. Qxd2 b6 11. Ne4 Qe7 12. Qc2 Bb7 13. O-O-O Nxe4 14.
Bxe4 Nf6 15. Ne5 Nxe4 16. Qxe4 O-O 17. Rhe1 a5 18. Re3 a4 19. Rdd3 c5 20. Qg4
f6 21. Nf3 f5 22. Qg5 Qxg5 23. Nxg5 cxd4 24. Rxd4 Rad8 25. Rxd8 Rxd8 26. Nxe6
Re8 27. Nd4 Rxe3 28. fxe3 g6 29. g3 Kf7 30. Kc2 Kf6 31. h4 g5 32. hxg5+ Kxg5
33. Kd2 Be4 34. Ke2 Kg4 35. Kf2 Bd3 36. b3 Bb1 37. a3 Ba2 38. bxa4 Bxc4 39. Nc6
Bd5 40. Ne5+ Kg5 41. Nd7 Bb7 42. Nxb6 Kf6 43. Nd7+ Ke7 44. Nc5 Bc6 45. a5 Kd6
46. Nb3 Kc7 47. Ke2 Kb8 48. Kd3 Kb7 49. Kd4 Ka6 50. Ke5 Be8 51. Kxf5 Bf7 52.
Nd4 Kxa5 53. e4 Kb6 54. e5 Kc5 55. Nf3 Kd5 56. a4 Be6+ 57. Kf6 Bg4 58. Ng5 h6
59. Nf7 h5 60. Ng5 Bd7 61. a5 Kc5 62. Kf7 Kb5 63. e6 Bc6 64. e7 1-0

[Event "XII Weekend B"]
[Site "Ceriano Laghetto ITA"]
[Date "2003.01.26"]
[Round "3"]
[White "Epitome, Nando"]
[Black "Romano', Fabio"]
[Result "0-1"]
[WhiteElo "1663"]
[BlackElo "1792"]
[PlyCount "50"]
[EventDate "2003.01.25"]

1. d4 Nf6 2. c4 e6 3. Nc3 d5 4. Bg5 Nbd7 5. Nf3 Be7 6. e3 O-O 7. Rc1 c6 8. a3
Re8 9. cxd5 exd5 10. Bd3 h6 11. Bh4 Ne4 12. Bxe7 Qxe7 13. O-O Ng5 14. Be2 Nxf3+
15. Bxf3 Nf6 16. b4 a5 17. Qb3 axb4 18. axb4 Bf5 19. Ra1 b5 20. Ra5 Rxa5 21.
bxa5 Ra8 22. Ra1 Ra6 23. Be2 Qd8 24. Qb4 Ne8 25. Na4 Rxa5 0-1

[Event "XII Weekend B"]
[Site "Ceriano Laghetto ITA"]
[Date "2003.01.26"]
[Round "3"]
[White "Lemma, Vittorio"]
[Black "D'Aulisa, Francesco"]
[Result "0-1"]
[WhiteElo "1585"]
[BlackElo "1573"]
[PlyCount "98"]
[EventDate "2003.01.25"]

1. e4 d6 2. Nc3 e6 3. g3 Nd7 4. Bg2 Ne7 5. f4 g6 6. Nf3 Bg7 7. d3 b6 8. O-O O-O
9. Ne2 Bb7 10. g4 f5 11. Ng5 Rf6 12. gxf5 exf5 13. c3 h6 14. Qb3+ d5 15. e5 Nc5
16. Qc2 Rf8 17. Nf3 Ba6 18. c4 Rb8 19. b4 Ne6 20. Bb2 c5 21. b5 Bb7 22. Nc3
Nxf4 23. cxd5 Nfxd5 24. Qb3 Kh7 25. Rae1 Nf4 26. Re3 Ned5 27. Nxd5 Bxd5 28. Qa4
Nxg2 29. Kxg2 f4 30. Re2 Ra8 31. Kg1 Qd7 32. Rff2 Qg4+ 33. Rg2 Qxf3 34. Ref2
Qe3 35. Qd1 Bxg2 36. Kxg2 Bxe5 37. Rf3 Qxf3+ 38. Qxf3 Bxb2 39. Qb7+ Kh8 40. Qc6
Kh7 41. Kf3 Rad8 42. Qe4 Rde8 43. Qb7+ Bg7 44. Qxa7 Re3+ 45. Kf2 Rxd3 46. Ke2
f3+ 47. Kf2 Rd2+ 48. Kf1 f2 49. Qa4 Re2 0-1

[Event "XII Weekend B"]
[Site "Ceriano Laghetto ITA"]
[Date "2003.01.26"]
[Round "3"]
[White "Libutti, Michele"]
[Black "Cartella, Giovanni"]
[Result "0-1"]
[WhiteElo "1612"]
[BlackElo "1728"]
[PlyCount "56"]
[EventDate "2003.01.25"]

1. d4 d5 2. c4 c6 3. Nf3 Nf6 4. Nc3 e6 5. Bg5 h6 6. Bxf6 Qxf6 7. a3 Nd7 8. e4
dxe4 9. Nxe4 Qf4 10. Bd3 Be7 11. O-O O-O 12. Re1 Qc7 13. d5 exd5 14. cxd5 cxd5
15. Rc1 Qd8 16. Nc3 Nf6 17. Nd4 Bg4 18. Qb3 Bc5 19. Ncb5 Qb6 20. h3 Bd7 21.
Red1 a6 22. Rxc5 Qxc5 23. Qc3 Qb6 24. Qc7 Qxc7 25. Nxc7 Rac8 26. Rc1 Ne8 27.
Bf5 Bxf5 28. Nxf5 Rxc7 0-1

[Event "XII Weekend B"]
[Site "Ceriano Laghetto ITA"]
[Date "2003.01.26"]
[Round "3"]
[White "Loi, Alberto"]
[Black "Cardani, Roberto"]
[Result "0-1"]
[WhiteElo "1480"]
[BlackElo "1788"]
[PlyCount "68"]
[EventDate "2003.01.25"]

1. e4 c5 2. Nf3 d6 3. Bb5+ Bd7 4. Qe2 a6 5. Bc4 e6 6. O-O b5 7. Bb3 c4 8. d4
cxb3 9. Nc3 Ne7 10. Re1 Ng6 11. axb3 Be7 12. Be3 O-O 13. Rec1 Bc6 14. Ra2 Nd7
15. Rca1 Bb7 16. Nxb5 axb5 17. Qxb5 Bxe4 18. Nd2 Rxa2 19. Rxa2 Bxc2 20. Ra7 Nf6
21. f3 d5 22. b4 Bd6 23. g3 h5 24. Qa6 h4 25. b5 hxg3 26. Nf1 gxh2+ 27. Nxh2
Bxh2+ 28. Kxh2 Ng4+ 29. fxg4 Qh4+ 30. Kg2 Be4+ 31. Kf1 Bd3+ 32. Kg2 Qxg4+ 33.
Kf2 Nh4 34. Bg5 Qf3+ 0-1

[Event "XII Weekend B"]
[Site "Ceriano Laghetto ITA"]
[Date "2003.01.26"]
[Round "3"]
[White "Mason, Giovanni"]
[Black "Schingaro, Angelo"]
[Result "1/2-1/2"]
[WhiteElo "1561"]
[BlackElo "1645"]
[PlyCount "116"]
[EventDate "2003.01.25"]

1. e4 c6 2. d4 d5 3. e5 Bf5 4. Bd3 Bxd3 5. Qxd3 e6 6. Nf3 Nd7 7. O-O c5 8. c3
cxd4 9. cxd4 Ne7 10. Bg5 Qb6 11. Nc3 a6 12. Rfc1 Nc6 13. Be3 Be7 14. Na4 Qd8
15. a3 Rc8 16. b4 b5 17. Nc5 Nxc5 18. bxc5 O-O 19. Bd2 Qd7 20. a4 bxa4 21. Qc2
Ra8 22. Rxa4 Ra7 23. Rca1 Rfa8 24. Qd3 Qb7 25. Rb1 Qc8 26. g3 h6 27. Rba1 a5
28. h4 Qa6 29. Qxa6 Rxa6 30. Rb1 Bd8 31. Ne1 Rb8 32. Rxb8 Nxb8 33. Kf1 Nc6 34.
Nd3 Ra8 35. Ke2 Rb8 36. Kd1 Kf8 37. Bc3 Ke8 38. Kc2 Kd7 39. Ra1 Bc7 40. f4 g6
41. g4 h5 42. g5 Ra8 43. Kb3 Ne7 44. Ne1 Nf5 45. Nf3 Ne3 46. Ne1 Rb8+ 47. Ka4
Nc4 48. Nd3 Kc6 49. Ra2 Rb1 50. Nb2 Nxb2+ 51. Rxb2 Ra1+ 52. Kb3 Rh1 53. Ka4
Rxh4 54. Rf2 Rh1 55. Re2 Rb1 56. Re1 Rb8 57. Rh1 Rh8 58. Be1 Rb8 1/2-1/2

[Event "XII Weekend B"]
[Site "Ceriano Laghetto ITA"]
[Date "2003.01.26"]
[Round "3"]
[White "Molteni, Costantino"]
[Black "Greco, Umberto"]
[Result "1/2-1/2"]
[WhiteElo "1573"]
[BlackElo "1536"]
[PlyCount "93"]
[EventDate "2003.01.25"]

1. d4 Nf6 2. c4 g6 3. g3 Bg7 4. Bg2 O-O 5. Nc3 d6 6. Nf3 Nbd7 7. O-O c5 8. d5
Rb8 9. Qc2 a6 10. a4 Ng4 11. h3 Nge5 12. Nd2 Nb6 13. b3 Na8 14. Bb2 Nc7 15. e4
b5 16. axb5 axb5 17. f4 Nd7 18. Nf3 bxc4 19. bxc4 Na6 20. Nb5 Nb4 21. Qe2 f6
22. Ra7 Rb7 23. Rfa1 Rxa7 24. Nxa7 Qb6 25. Nxc8 Rxc8 26. Bc3 Rb8 27. Kh2 Kf7
28. e5 dxe5 29. fxe5 Kg8 30. exf6 Bxf6 31. Bxf6 exf6 32. Re1 Nf8 33. Qe7 Rb7
34. Qe4 Rb8 35. Rd1 Qd6 36. Qf4 Qxf4 37. gxf4 Re8 38. Re1 Rxe1 39. Nxe1 Nd7 40.
h4 Kf7 41. Kg3 Nb6 42. Bf1 Nc8 43. Nd3 Nxd3 44. Bxd3 Nd6 45. Kg4 h6 46. Kf3 Kg7
47. Kg4 1/2-1/2

[Event "XII Weekend B"]
[Site "Ceriano Laghetto ITA"]
[Date "2003.01.26"]
[Round "3"]
[White "Negri, Sergio"]
[Black "Virzi, Ettore"]
[Result "0-1"]
[WhiteElo "1531"]
[BlackElo "1675"]
[PlyCount "48"]
[EventDate "2003.01.25"]

1. d4 d5 2. Bf4 Nf6 3. Nc3 c6 4. Nf3 e6 5. a3 Be7 6. e3 Nbd7 7. Bd3 a6 8. Ne5
c5 9. Nxd7 Bxd7 10. dxc5 Bxc5 11. Be5 Bc6 12. O-O Bd6 13. Bxd6 Qxd6 14. Be2 Rd8
15. Bf3 O-O 16. Qd2 d4 17. Bxc6 dxc3 18. Qxd6 Rxd6 19. Bxb7 Rb8 20. Bf3 cxb2
21. Rab1 Nd5 22. Rfd1 Nc3 23. Rxb2 Rxd1+ 24. Bxd1 Rxb2 0-1

[Event "XII Weekend B"]
[Site "Ceriano Laghetto ITA"]
[Date "2003.01.26"]
[Round "3"]
[White "Noseda, Francesco"]
[Black "Casartelli, Fabio"]
[Result "1-0"]
[WhiteElo "1786"]
[BlackElo "1624"]
[PlyCount "41"]
[EventDate "2003.01.25"]

1. e4 e5 2. Nf3 Nf6 3. Nxe5 d6 4. Nf3 Nxe4 5. d4 d5 6. Bd3 Be7 7. O-O Nc6 8.
Re1 Bg4 9. c3 O-O 10. Bxe4 dxe4 11. Rxe4 f5 12. Re1 Qd5 13. Bf4 Rac8 14. Nbd2
g5 15. Be5 Bf6 16. Bxf6 Rxf6 17. Qc2 Rg6 18. Ne5 Re6 19. Nxc6 Rxc6 20. Re5 Qxd4
21. Qb3+ 1-0

[Event "XII Weekend B"]
[Site "Ceriano Laghetto ITA"]
[Date "2003.01.26"]
[Round "3"]
[White "Olivo, Mario"]
[Black "Pepa, Syrja"]
[Result "0-1"]
[WhiteElo "1789"]
[BlackElo "1729"]
[PlyCount "88"]
[EventDate "2003.01.25"]

1. d4 Nf6 2. c4 e6 3. Nc3 Bb4 4. Nf3 O-O 5. Bg5 h6 6. Bh4 Be7 7. e3 d5 8. Rc1
Nbd7 9. a3 b6 10. cxd5 exd5 11. Bb5 Bb7 12. O-O a6 13. Ba4 Rc8 14. Bc2 c5 15.
Qd3 Ne4 16. Bxe7 Qxe7 17. Bb1 c4 18. Qc2 b5 19. Nd2 f5 20. Ndxe4 fxe4 21. f3
Nf6 22. fxe4 Nxe4 23. Nxe4 dxe4 24. Qe2 Qg5 25. Rxf8+ Rxf8 26. Rf1 Rxf1+ 27.
Kxf1 Bd5 28. Kg1 Qf5 29. Qf2 Qxf2+ 30. Kxf2 Kf7 31. Kg3 g5 32. Kg4 Kg6 33. h3
a5 34. Bc2 h5+ 35. Kg3 Kf5 36. Bd1 h4+ 37. Kf2 b4 38. axb4 axb4 39. Bc2 b3 40.
Bb1 c3 41. bxc3 Bc4 42. Ke1 Bd3 43. Kd2 Bxb1 44. c4 Bd3 0-1

[Event "XII Weekend B"]
[Site "Ceriano Laghetto ITA"]
[Date "2003.01.26"]
[Round "3"]
[White "Olivo, Mario"]
[Black "Ronconi, Fausto"]
[Result "1-0"]
[WhiteElo "1789"]
[BlackElo "1600"]
[PlyCount "63"]
[EventDate "2003.01.25"]

1. d4 d5 2. c4 e6 3. Nc3 Nf6 4. Bg5 Be7 5. Nf3 Nbd7 6. e3 O-O 7. Rc1 c6 8. a3
h6 9. Bh4 dxc4 10. Bxc4 Nd5 11. Bxe7 Qxe7 12. O-O N7f6 13. Qe2 Nxc3 14. Rxc3
Nd7 15. Ba2 e5 16. dxe5 Nxe5 17. Nxe5 Qxe5 18. f4 Qf6 19. e4 Re8 20. e5 Qf5 21.
Bb1 Qg4 22. Qc2 g6 23. Rg3 Qh5 24. f5 Rxe5 25. fxg6 f5 26. Qb3+ Rd5 27. Bxf5 b6
28. Be4 Be6 29. Bxd5 Bxd5 30. Qb4 Re8 31. Qf4 Kh8 32. Rh3 1-0

[Event "XII Weekend B"]
[Site "Ceriano Laghetto ITA"]
[Date "2003.01.26"]
[Round "3"]
[White "Pedetti, Roberto"]
[Black "Mason, Giovanni"]
[Result "0-1"]
[WhiteElo "1600"]
[BlackElo "1561"]
[PlyCount "76"]
[EventDate "2003.01.25"]

1. c4 c5 2. Nc3 g6 3. Nf3 Bg7 4. Rb1 Nc6 5. a3 Nf6 6. b4 cxb4 7. axb4 a5 8. b5
Nb4 9. Ba3 d6 10. Bxb4 axb4 11. Rxb4 b6 12. g3 Bb7 13. Bg2 Ne4 14. Nxe4 Bxe4
15. O-O O-O 16. Ra4 Qc7 17. d3 Rxa4 18. Qxa4 Ra8 19. Qb3 Bxf3 20. Bxf3 Ra5 21.
Bc6 Qa7 22. Rb1 Ra3 23. Qd1 Qa5 24. Kg2 Ra2 25. Qe1 Qa3 26. Kf1 Bf6 27. f4 Bd4
28. Rd1 Qc5 29. g4 Be3 30. Qg3 Qd4 31. f5 Bf4 32. Qg2 Qe5 33. Qf2 Be3 34. Qf3
Bc5 35. fxg6 hxg6 36. h3 Ra1 37. Rxa1 Qxa1+ 38. Kg2 Qg1# 0-1

[Event "XII Weekend B"]
[Site "Ceriano Laghetto ITA"]
[Date "2003.01.26"]
[Round "3"]
[White "Pino, Nicola"]
[Black "Donadi, Luca"]
[Result "1/2-1/2"]
[WhiteElo "1705"]
[BlackElo "1657"]
[PlyCount "105"]
[EventDate "2003.01.25"]

1. e4 e5 2. Nf3 Nc6 3. Bc4 Be7 4. c3 Nf6 5. d4 exd4 6. e5 Ne4 7. cxd4 d5 8.
exd6 Nxd6 9. Be2 Bf6 10. Be3 O-O 11. Nbd2 Re8 12. O-O Nf5 13. Nb3 Nxe3 14. fxe3
Rxe3 15. Qd2 Re8 16. Rad1 Bg4 17. Kh1 Qe7 18. Bc4 Qe3 19. Qc3 Rad8 20. Rd3 Qe2
21. Rd2 Qe3 22. Rd3 Qe7 23. Rd2 Bxf3 24. Rxf3 Qd6 25. Rf1 Re7 26. Qf3 Rde8 27.
Qh5 Nd8 28. Rdf2 Re1 29. Qf5 Rxf1+ 30. Rxf1 Ne6 31. Bd3 Nf8 32. Bc4 Ng6 33. g4
Nh4 34. Qb5 Qe7 35. Qxb7 h6 36. Qd5 Qe4+ 37. Qxe4 Rxe4 38. h3 Re3 39. Kh2 Rf3
40. Re1 Rf2+ 41. Kh1 Nf3 42. Re2 Rxe2 43. Bxe2 Nxd4 44. Nxd4 Bxd4 45. b3 g6 46.
a4 c5 47. Bc4 Kg7 48. Kg2 f5 49. Kf3 Kf6 50. Bd3 fxg4+ 51. Kxg4 h5+ 52. Kg3 g5
53. Be2 1/2-1/2

[Event "XII Weekend B"]
[Site "Ceriano Laghetto ITA"]
[Date "2003.01.26"]
[Round "3"]
[White "Regorda, Massimiliano"]
[Black "Perotti, Davide"]
[Result "0-1"]
[WhiteElo "1489"]
[BlackElo "1719"]
[PlyCount "50"]
[EventDate "2003.01.25"]

1. e4 e5 2. Nf3 Nc6 3. Bb5 a6 4. Ba4 Nf6 5. O-O b5 6. Bb3 Be7 7. Re1 d6 8. h3
Na5 9. c3 Nxb3 10. Qxb3 O-O 11. d4 Nd7 12. Nbd2 c5 13. Qd5 Nb6 14. Qc6 Rb8 15.
dxc5 Bd7 16. Qxb6 Rxb6 17. cxb6 Qxb6 18. Nb3 f5 19. Be3 Qc6 20. exf5 Bxf5 21.
Nbd2 h6 22. Nf1 Bxh3 23. N1h2 Be6 24. Nf1 Bd5 25. N1h2 g5 0-1

[Event "XII Weekend B"]
[Site "Ceriano Laghetto ITA"]
[Date "2003.01.26"]
[Round "3"]
[White "Regorda, Vittorio"]
[Black "Ronconi, Fausto"]
[Result "0-1"]
[WhiteElo "1651"]
[BlackElo "1600"]
[PlyCount "96"]
[EventDate "2003.01.25"]

1. c4 c5 2. Nc3 Nc6 3. g3 Nf6 4. Bg2 g6 5. e4 Bg7 6. Nge2 O-O 7. O-O d6 8. d3
Bg4 9. h3 Bd7 10. Rb1 Qc8 11. Kh2 Ne5 12. Bf4 Nh5 13. Bxe5 Bxe5 14. f4 Bg7 15.
Nd5 Re8 16. Ne3 Bc6 17. g4 Nf6 18. Ng3 Nd7 19. Qf3 e6 20. h4 Rf8 21. g5 f5 22.
Qe2 fxe4 23. Nxe4 Qc7 24. Kh1 d5 25. cxd5 exd5 26. Nf6+ Nxf6 27. gxf6 Bxf6 28.
Nxd5 Qf7 29. Nxf6+ Qxf6 30. Qg4 Bxg2+ 31. Kxg2 Rad8 32. Qg3 Qf5 33. Rbd1 Rd4
34. Rf3 Rxf4 35. Rdf1 Qd5 36. a3 Rxf3 37. Rxf3 Rxf3 38. Qxf3 Qxf3+ 39. Kxf3 Kf7
40. Ke4 Ke6 41. b3 h6 42. Kf4 Kd5 43. Ke3 g5 44. hxg5 hxg5 45. b4 c4 46. dxc4+
Kxc4 47. Kf3 Kb3 48. Kg4 Kxa3 0-1

[Event "XII Weekend B"]
[Site "Ceriano Laghetto ITA"]
[Date "2003.01.26"]
[Round "3"]
[White "Rinaldo, Andrea"]
[Black "Marchesotti, Giovanni"]
[Result "1/2-1/2"]
[WhiteElo "1494"]
[BlackElo "1453"]
[PlyCount "78"]
[EventDate "2003.01.25"]

1. c4 e6 2. Nc3 Nf6 3. g3 Nc6 4. Bg2 Be7 5. Nf3 O-O 6. O-O d5 7. cxd5 exd5 8.
d4 Nb4 9. a3 Na6 10. b4 c6 11. Ne5 Nc7 12. Qb3 Nd7 13. Nd3 Bf6 14. e3 Nb6 15.
b5 cxb5 16. Nxb5 Nxb5 17. Qxb5 Bd7 18. Qa5 Bc6 19. Rd1 Qe8 20. Nb2 Bd8 21. Qe1
Bf6 22. Bd2 Qd7 23. Rdc1 Rfe8 24. Qd1 Be7 25. a4 Nc8 26. Nd3 Bd6 27. a5 a6 28.
Rab1 Na7 29. Nb4 Bxb4 30. Bxb4 Nb5 31. Qb3 Nc7 32. Bc5 Ne6 33. Bb6 Rac8 34. Bh3
Ba4 35. Qa3 Rxc1+ 36. Rxc1 Bb5 37. Rc3 Rc8 38. Qc1 Rxc3 39. Qxc3 Qc6 1/2-1/2